[Event "SVK Extraliga 2019-20"]
[Site "Slovakia"]
[Date "2019.10.19"]
[Round "1.4"]
[White "Mrva, Martin"]
[Black "Bagi, Mate"]
[Result "0-1"]
[WhiteElo "2401"]
[BlackElo "2461"]
[Annotator "ChessBase"]
[PlyCount "126"]
[EventDate "2019.10.19"]
[EventType "team-tourn"]
[EventCountry "SVK"]
[SourceTitle "playchess.com"]
[Source "ChessBase"]
[SourceQuality "1"]
[WhiteTeam "Humenne"]
[BlackTeam "Streda"]
[TimeControl "40/5400+30:1800+30"]

1. e4 {[%emt 0:00:00]} e5 {[%emt 0:00:00]} 2. Nf3 {[%emt 0:00:00]} Nc6 {[%emt 0:00:00]} 3. Bc4 {[%emt 0:00:32]} Nf6 {[%emt 0:00:34]} 4. d3 {[%emt 0:00:10]} h6 {[%emt 0:03:02]} 5. Nc3 {[%emt 0:08:16]} d6 {[%emt 0:03:16]} 6. a4 {[%emt 0:04:27]} g5 {[%emt 0:04:28]} 7. Nd5 {[%emt 0:06:20]} Bg7 {[%emt 0:04:46]} 8. h4 {[%emt 0:09:00]} g4 {[%emt 0:25:58]} 9. Nh2 {[%emt 0:06:31]} Nxd5 {[%emt 0:06:22]} 10. exd5 {[%emt 0:02:03]} Ne7 {[%emt 0:03:10]} 11. Nxg4 {[%emt 0:01:29]} f5 {[%emt 0:01:57]} 12. Nh2 {[%emt 0:07:06]} O-O {[%emt 0:00:37]} 13. d4 {[%emt 0:11:43]} e4 {[%emt 0:05:00]} 14. g3 {[%emt 0:01:04]} Qe8 {[%emt 0:09:08]} 15. c3 {[%emt 0:07:07]} Qf7 {[%emt 0:02:02]} 16. Qb3 {[%emt 0:01:54]} b6 {[%emt 0:02:28]} 17. Nf1 {[%emt 0:12:32]} Bb7 {[%emt 0:02:04]} 18. Ne3 {[%emt 0:00:25]} f4 {[%emt 0:00:47]} 19. gxf4 {[%emt 0:00:11]} Qxf4 {[%emt 0:00:40]} 20. Qc2 {[%emt 0:00:24]} Ng6 {[%emt 0:04:02]} 21. Rg1 {[%emt 0:03:48]} Qf7 {[%emt 0:08:37]} 22. Ng4 {[%emt 0:01:35]} Kh7 {[%emt 0:01:07]} 23. Be3 {[%emt 0:06:21]} Bxd5 {[%emt 0:00:31]} 24. Bxd5 {[%emt 0:01:51]} Qxd5 {[%emt 0:00:05]} 25. O-O-O {[%emt 0:01:00]} Rae8 {[%emt 0:03:09]} 26. Rg3 {[%emt 0:00:38]} Nf4 {[%emt 0:02:57]} 27. Rdg1 {[%emt 0:00:22]} Nh5 {[%emt 0:00:42]} 28. R3g2 {[%emt 0:00:25]} Rf7 {[%emt 0:01:49]} 29. Kb1 {[%emt 0:02:54]} Qf5 {[%emt 0:00:29]} 30. Nh2 {[%emt 0:01:30]} c5 {[%emt 0:01:30]} 31. Nf1 {[%emt 0:00:23]} cxd4 {[%emt 0:00:54]} 32. cxd4 {[%emt 0:00:14]} Rc8 {[%emt 0:00:27]} 33. Qb3 {[%emt 0:00:07]} d5 {[%emt 0:00:42]} 34. Ka2 {[%emt 0:00:35]} Rc6 {[%emt 0:00:36]} 35. Nd2 {[%emt 0:01:07]} Rfc7 {[%emt 0:01:18]} 36. Nb1 {[%emt 0:00:22]} Rc4 {[%emt 0:00:26]} 37. Nc3 {[%emt 0:00:10]} Rd7 {[%emt 0:01:20]} 38. Qd1 {[%emt 0:01:35]} Qf3 {[%emt 0:01:00]} 39. Qxf3 {[%emt 0:01:11]} exf3 {[%emt 0:00:05]} 40. Rg4 {[%emt 0:00:05]} Rc6 {[%emt 0:01:07]} 41. Kb3 {[%emt 0:30:29]} Rf6 {[%emt 0:03:54]} 42. Kc2 {[%emt 0:00:00]} Rf5 {[%emt 0:00:27]} 43. Kd3 {[%emt 0:00:00]} Bf6 {[%emt 0:01:58]} 44. Rh1 {[%emt 0:00:00]} a6 {[%emt 0:04:59]} 45. Rhg1 {[%emt 0:00:00]} Rf7 {[%emt 0:01:48]} 46. Nb1 {[%emt 0:00:00]} Bg7 {[%emt 0:02:04]} 47. Nc3 {[%emt 0:00:00]} Rb7 {[%emt 0:03:59]} 48. Kc2 {[%emt 0:00:00]} Rc7 {[%emt 0:00:44]} 49. Kb3 {[%emt 0:00:00]} Rcf7 {[%emt 0:01:06]} 50. Rg6 {[%emt 0:00:00]} R7f6 {[%emt 0:00:47]} 51. R6g4 {[%emt 0:00:00]} Re6 {[%emt 0:00:35]} 52. Na2 {[%emt 0:00:00]} Bh8 {[%emt 0:02:00]} 53. Nb4 {[%emt 0:00:00]} Nf6 {[%emt 0:00:35]} 54. R4g3 {[%emt 0:00:00]} Rxe3+ {[%emt 0:01:01]} 55. fxe3 {[%emt 0:00:00]} f2 {[%emt 0:00:06]} 56. Nxa6 {[%emt 0:00:00]} Rf3 {[%emt 0:01:57]} 57. Rf1 {[%emt 0:01:42]} Rxg3 {[%emt 0:00:09]} 58. Rxf2 {[%emt 0:00:04]} Rxe3+ {[%emt 0:00:06]} 59. Kb4 {[%emt 0:00:11]} Ne4 {[%emt 0:01:27]} 60. Rf5 {[%emt 0:00:51]} Bxd4 {[%emt 0:00:13]} 61. Rxd5 {[%emt 0:00:19]} Bxb2 {[%emt 0:00:29]} 62. h5 {[%emt 0:00:14]} Nf6 {[%emt 0:00:32]} 63. Rd6 {[%emt 0:00:58]} Ba3+ {[%emt 0:00:05]} 0-1

[Event "SVK Extraliga 2019-20"]
[Site "Slovakia"]
[Date "2019.10.19"]
[Round "1.4"]
[White "Hausner, Ivan"]
[Black "Smolen, Jan"]
[Result "1/2-1/2"]
[WhiteElo "2382"]
[BlackElo "2419"]
[Annotator "RC"]
[PlyCount "32"]
[EventDate "2019.10.19"]
[EventType "team-tourn"]
[EventCountry "SVK"]
[SourceTitle "playchess.com"]
[Source "ChessBase"]
[SourceQuality "1"]
[WhiteTeam "Liptovska"]
[BlackTeam "Dunajov"]
[TimeControl "40/5400+30:1800+30"]

1. d4 {[%emt 0:00:00]} d5 {[%emt 0:00:00]} 2. c4 {[%emt 0:00:00]} e6 {[%emt 0:00:00]} 3. Nf3 {[%emt 0:00:00]} c6 {[%emt 0:00:00]} 4. g3 {[%emt 0:00:00]} dxc4 {[%emt 0:00:21]} 5. Bg2 {[%emt 0:00:06]} b5 {[%emt 0:00:09]} 6. a4 {[%emt 0:00:18]} Bb7 {[%emt 0:00:47]} 7. Ne5 {[%emt 0:00:07]} a6 {[%emt 0:01:29]} 8. Nc3 {[%emt 0:00:14]} Bb4 {[%emt 0:02:12]} 9. O-O {[%emt 0:00:08]} Nf6 {[%emt 0:01:00]} 10. axb5 {[%emt 0:00:29]} axb5 {[%emt 0:00:05]} 11. Rxa8 {[%emt 0:00:08]} Bxa8 {[%emt 0:00:03]} 12. Nxb5 {[%emt 0:00:46]} cxb5 {[%emt 0:00:12]} 13. Bxa8 {[%emt 0:00:01]} O-O {[%emt 0:01:01]} 14. Bf3 {[%emt 0:01:57]} Qb6 {[%emt 0:07:23]} 15. Bg5 Nfd7 16. Nxd7 Nxd7 1/2-1/2

[Event "SVK Extraliga 2019-20"]
[Site "Slovakia"]
[Date "2019.10.19"]
[Round "1.4"]
[White "Szustakowski, Antoni"]
[Black "Petrik, Tomas"]
[Result "0-1"]
[WhiteElo "2300"]
[BlackElo "2462"]
[Annotator "ChessBase"]
[PlyCount "72"]
[EventDate "2019.10.19"]
[EventType "team-tourn"]
[EventCountry "SVK"]
[SourceTitle "playchess.com"]
[Source "ChessBase"]
[SourceQuality "1"]
[WhiteTeam "Prakovce"]
[BlackTeam "Zilina"]
[TimeControl "40/5400+30:1800+30"]

1. d4 {[%emt 0:00:00]} e6 {[%emt 0:02:56]} 2. c4 {[%emt 0:00:00]} Nf6 {[%emt 0:00:10]} 3. Nc3 {[%emt 0:00:14]} Bb4 {[%emt 0:00:24]} 4. f3 {[%emt 0:00:06]} d5 {[%emt 0:02:23]} 5. a3 {[%emt 0:00:09]} Be7 {[%emt 0:00:54]} 6. e4 {[%emt 0:00:35]} dxe4 {[%emt 0:00:31]} 7. fxe4 {[%emt 0:00:07]} e5 {[%emt 0:00:06]} 8. d5 {[%emt 0:00:19]} Bc5 {[%emt 0:00:18]} 9. Nf3 {[%emt 0:04:53]} Bg4 {[%emt 0:07:55]} 10. h3 {[%emt 0:08:47]} Bxf3 {[%emt 0:04:49]} 11. Qxf3 {[%emt 0:00:12]} Nbd7 {[%emt 0:00:34]} 12. Bd3 {[%emt 0:07:37]} O-O {[%emt 0:29:57]} 13. Bg5 {[%emt 0:08:18]} Bd4 {[%emt 0:07:44]} 14. Bc2 {[%emt 0:11:50]} c6 {[%emt 0:07:26]} 15. Rf1 {[%emt 0:21:56]} Rc8 {[%emt 0:07:21]} 16. d6 {[%emt 0:05:53]} Qb6 {[%emt 0:09:59]} 17. O-O-O {[%emt 0:01:39]} Qc5 {[%emt 0:07:59]} 18. Ne2 {[%emt 0:05:29]} Qxd6 {[%emt 0:00:22]} 19. Ng3 {[%emt 0:06:15]} c5 {[%emt 0:01:35]} 20. Nf5 {[%emt 0:00:10]} Qb6 {[%emt 0:00:05]} 21. b3 {[%emt 0:00:10]} Kh8 {[%emt 0:00:39]} 22. Bd2 {[%emt 0:05:40]} Qe6 {[%emt 0:02:35]} 23. Bd3 {[%emt 0:01:51]} b5 {[%emt 0:01:28]} 24. Kb1 {[%emt 0:02:39]} Nb6 {[%emt 0:02:13]} 25. Rc1 {[%emt 0:00:46]} Rb8 {[%emt 0:00:12]} 26. Ka2 {[%emt 0:03:14]} bxc4 {[%emt 0:00:39]} 27. Bxc4 {[%emt 0:00:03]} Nxc4 {[%emt 0:00:04]} 28. Rxc4 {[%emt 0:00:03]} Rb6 {[%emt 0:00:59]} 29. Bg5 {[%emt 0:02:56]} Rfb8 {[%emt 0:00:36]} 30. Nxd4 {[%emt 0:01:52]} cxd4 {[%emt 0:00:10]} 31. Bxf6 {[%emt 0:01:03]} gxf6 {[%emt 0:00:54]} 32. Rb1 {[%emt 0:00:34]} Rxb3 {[%emt 0:01:16]} 33. Rxb3 {[%emt 0:00:19]} Qxc4 {[%emt 0:00:02]} 34. Qxf6+ {[%emt 0:00:05]} Kg8 {[%emt 0:00:04]} 35. Qg5+ {[%emt 0:01:07]} Kf8 {[%emt 0:00:03]} 36. Qh6+ {[%emt 0:00:31]} Ke8 {[%emt 0:00:25]} 0-1

[Event "SVK Extraliga 2019-20"]
[Site "Slovakia"]
[Date "2019.10.19"]
[Round "1.4"]
[White "Mosesov, Danylo"]
[Black "Likavsky, Tomas"]
[Result "0-1"]
[WhiteElo "2290"]
[BlackElo "2423"]
[Annotator "NA"]
[PlyCount "124"]
[EventDate "2019.10.19"]
[EventType "team-tourn"]
[EventCountry "SVK"]
[SourceTitle "playchess.com"]
[Source "ChessBase"]
[SourceQuality "1"]
[WhiteTeam "Kosice"]
[BlackTeam "Podhajska"]
[TimeControl "40/5400+30:1800+30"]

1. d4 {[%emt 0:00:00]} Nf6 {[%emt 0:00:00]} 2. c4 {[%emt 0:00:00]} d6 {[%emt 0:00:38]} 3. Nc3 {[%emt 0:00:56]} Nbd7 {[%emt 0:01:38]} 4. e4 {[%emt 0:01:48]} e5 {[%emt 0:00:14]} 5. d5 {[%emt 0:01:04]} Nc5 {[%emt 0:03:37]} 6. f3 {[%emt 0:02:02]} a5 {[%emt 0:00:33]} 7. Be3 {[%emt 0:00:50]} h5 {[%emt 0:09:05]} 8. Qd2 {[%emt 0:03:00]} Be7 {[%emt 0:05:00]} 9. O-O-O {[%emt 0:02:18]} h4 {[%emt 0:05:45]} 10. Kb1 {[%emt 0:08:07]} Bd7 {[%emt 0:09:16]} 11. Nge2 {[%emt 0:03:53]} b6 {[%emt 0:04:19]} 12. Nc1 {[%emt 0:04:27]} Nh7 {[%emt 0:05:57]} 13. Be2 {[%emt 0:07:56]} Bg5 {[%emt 0:00:49]} 14. g3 {[%emt 0:01:50]} Bxe3 {[%emt 0:00:54]} 15. Qxe3 {[%emt 0:00:05]} Qg5 {[%emt 0:05:08]} 16. f4 {[%emt 0:04:18]} Qh6 {[%emt 0:00:05]} 17. Bf3 {[%emt 0:16:30]} Nf6 {[%emt 0:08:04]} 18. Qe2 {[%emt 0:06:17]} Kf8 {[%emt 0:07:26]} 19. fxe5 {[%emt 0:02:45]} dxe5 {[%emt 0:00:03]} 20. Nd3 {[%emt 0:06:33]} Nxd3 {[%emt 0:01:59]} 21. Qxd3 {[%emt 0:00:05]} Ne8 {[%emt 0:00:39]} 22. gxh4 {[%emt 0:06:40]} Qxh4 {[%emt 0:01:12]} 23. c5 {[%emt 0:02:35]} bxc5 {[%emt 0:02:39]} 24. Qe3 {[%emt 0:00:22]} Qe7 {[%emt 0:01:00]} 25. h4 {[%emt 0:03:54]} a4 {[%emt 0:05:30]} 26. a3 {[%emt 0:02:14]} Rh6 {[%emt 0:02:04]} 27. h5 {[%emt 0:00:44]} Rb8 {[%emt 0:02:12]} 28. Rd2 {[%emt 0:02:05]} Qd6 {[%emt 0:05:06]} 29. Rc1 {[%emt 0:02:05]} c4 {[%emt 0:03:07]} 30. Ka2 {[%emt 0:05:10]} Qb6 {[%emt 0:01:06]} 31. Re1 {[%emt 0:01:00]} Nd6 {[%emt 0:01:42]} 32. Bd1 {[%emt 0:00:49]} Qxe3 {[%emt 0:03:35]} 33. Rxe3 {[%emt 0:00:02]} Ra8 {[%emt 0:00:29]} 34. Rg2 {[%emt 0:02:00]} f6 {[%emt 0:02:16]} 35. Reg3 {[%emt 0:00:46]} Rh7 {[%emt 0:00:26]} 36. Rf2 {[%emt 0:01:54]} Be8 {[%emt 0:00:46]} 37. Rfg2 {[%emt 0:00:28]} c6 {[%emt 0:01:50]} 38. Bc2 {[%emt 0:00:50]} cxd5 {[%emt 0:00:50]} 39. exd5 {[%emt 0:00:22]} f5 {[%emt 0:00:08]} 40. Rg5 {[%emt 0:00:35]} e4 {[%emt 0:00:43]} 41. Rf2 {[%emt 0:30:30]} Rxh5 {[%emt 0:08:50]} 42. Rxh5 {[%emt 0:00:00]} Bxh5 {[%emt 0:00:03]} 43. Nxe4 {[%emt 0:00:00]} Nxe4 {[%emt 0:00:13]} 44. Bxe4 {[%emt 0:00:00]} g6 {[%emt 0:00:05]} 45. Bg2 {[%emt 0:00:00]} Bd1 {[%emt 0:04:29]} 46. Kb1 {[%emt 0:00:00]} Bb3 {[%emt 0:00:37]} 47. Kc1 {[%emt 0:00:00]} Rd8 {[%emt 0:02:18]} 48. Rf4 {[%emt 0:00:00]} Ke7 {[%emt 0:01:09]} 49. Kd2 {[%emt 0:00:00]} Rh8 {[%emt 0:01:57]} 50. Kc3 {[%emt 0:00:47]} Rh2 {[%emt 0:00:54]} 51. Rf2 {[%emt 0:00:23]} Kd6 {[%emt 0:01:06]} 52. Re2 {[%emt 0:01:22]} Kc5 {[%emt 0:00:11]} 53. Rd2 {[%emt 0:00:41]} Kd6 54. Re2 g5 {[%emt 0:01:02]} 55. Kd4 {[%emt 0:01:36]} c3 {[%emt 0:00:57]} 56. bxc3 {[%emt 0:01:38]} Bxd5 {[%emt 0:00:07]} 57. Bf1 {[%emt 0:00:04]} Rh4+ {[%emt 0:01:12]} 58. Ke3 {[%emt 0:00:04]} f4+ {[%emt 0:01:10]} 59. Kd2 {[%emt 0:00:21]} Bc4 {[%emt 0:03:19]} 60. Rf2 {[%emt 0:00:03]} Kc5 {[%emt 0:00:20]} 61. Bd3 {[%emt 0:02:17]} Bxd3 {[%emt 0:03:38]} 62. Kxd3 {[%emt 0:00:03]} Rh3+ {[%emt 0:00:08] Kd4+} 0-1

[Event "SVK Extraliga 2019-20"]
[Site "Slovakia"]
[Date "2019.10.20"]
[Round "1.4"]
[White "Lintner, Igor"]
[Black "Maslik, Miroslav"]
[Result "1/2-1/2"]
[WhiteElo "2187"]
[BlackElo "2363"]
[Annotator "ChessBase"]
[PlyCount "85"]
[EventDate "2019.10.19"]
[EventType "team-tourn"]
[EventCountry "SVK"]
[SourceTitle "playchess.com"]
[Source "ChessBase"]
[SourceQuality "1"]
[WhiteTeam "Bratislava"]
[BlackTeam "Modra"]
[WhiteTeamCountry "SVK"]
[BlackTeamCountry "SVK"]
[TimeControl "40/5400+30:1800+30"]

1. d4 {[%emt 0:00:05]} Nf6 {[%emt 0:14:41]} 2. Bf4 {[%emt 0:00:12]} d6 {[%emt 0:00:19]} 3. Nc3 {[%emt 0:00:26]} c6 {[%emt 0:02:58]} 4. e4 {[%emt 0:00:27]} Qa5 {[%emt 0:01:51]} 5. f3 {[%emt 0:06:34]} e5 {[%emt 0:01:31]} 6. Be3 {[%emt 0:01:16]} Nbd7 {[%emt 0:01:15]} 7. Qd2 {[%emt 0:01:30]} Be7 {[%emt 0:09:53]} 8. g4 {[%emt 0:11:37]} O-O {[%emt 0:03:37]} 9. Nge2 {[%emt 0:01:05]} d5 {[%emt 0:11:16]} 10. g5 {[%emt 0:03:03]} Nh5 {[%emt 0:00:10]} 11. Ng3 {[%emt 0:04:42]} Nxg3 {[%emt 0:01:01]} 12. hxg3 {[%emt 0:00:30]} exd4 {[%emt 0:04:35]} 13. Qh2 {[%emt 0:03:23]} h6 {[%emt 0:00:41]} 14. gxh6 {[%emt 0:01:41]} g6 {[%emt 0:03:40]} 15. h7+ {[%emt 0:05:24]} Kh8 {[%emt 0:00:02]} 16. Bxd4+ {[%emt 0:00:14]} Bf6 {[%emt 0:00:52]} 17. Bxf6+ {[%emt 0:12:39]} Nxf6 {[%emt 0:00:02]} 18. Qh6 {[%emt 0:00:30]} Be6 {[%emt 0:07:56]} 19. Qf4 {[%emt 0:04:16]} Kg7 {[%emt 0:07:20]} 20. O-O-O {[%emt 0:14:40]} dxe4 {[%emt 0:01:25]} 21. fxe4 {[%emt 0:02:35]} g5 {[%emt 0:03:47]} 22. Qe3 {[%emt 0:02:08]} Qe5 {[%emt 0:02:21]} 23. Bh3 {[%emt 0:03:17]} Bxh3 {[%emt 0:01:44]} 24. Rxh3 {[%emt 0:00:15]} Nxh7 {[%emt 0:14:06]} 25. Rf1 {[%emt 0:04:20]} Rfe8 {[%emt 0:02:55]} 26. g4 {[%emt 0:04:35]} Rad8 {[%emt 0:00:00]} 27. Rhf3 {[%emt 0:09:03]} f6 {[%emt 0:00:00]} 28. Qxa7 {[%emt 0:01:08]} Rd7 {[%emt 0:00:07]} 29. Qf2 {[%emt 0:01:24]} Re6 {[%emt 0:00:14]} 30. Rd3 {[%emt 0:00:25]} Red6 {[%emt 0:00:36]} 31. Rxd6 {[%emt 0:01:03]} Rxd6 {[%emt 0:00:14]} 32. Qb6 {[%emt 0:00:55]} Rd7 {[%emt 0:00:13]} 33. Qe3 {[%emt 0:00:21]} Nf8 {[%emt 0:00:44]} 34. Rf5 {[%emt 0:00:40]} Qh2 {[%emt 0:00:32]} 35. b3 {[%emt 0:00:09]} Ng6 {[%emt 0:00:14]} 36. e5 {[%emt 0:00:57]} Nxe5 {[%emt 0:00:30]} 37. Ne4 {[%emt 0:00:27]} Nxg4 {[%emt 0:01:46]} 38. Qf3 {[%emt 0:00:31]} Qg1+ {[%emt 0:00:51]} 39. Kb2 {[%emt 0:00:06]} Rd1 {[%emt 0:02:09]} 40. Nxg5 {[%emt 0:00:51]} Qd4+ {[%emt 0:01:14]} 41. Ka3 {[%emt 0:00:18]} Qa7+ {[%emt 0:13:38]} 42. Kb2 {[%emt 0:01:23]} Qd4+ {[%emt 0:00:00]} 43. Ka3 {[%emt 0:00:22]} 1/2-1/2

[Event "SVK Extraliga 2019-20"]
[Site "Slovakia"]
[Date "2019.10.19"]
[Round "1.5"]
[White "Druska, Juraj"]
[Black "Mikrut, Dariusz"]
[Result "1/2-1/2"]
[WhiteElo "2472"]
[BlackElo "2384"]
[Annotator "ChessBase"]
[PlyCount "23"]
[EventDate "2019.10.19"]
[EventType "team-tourn"]
[EventCountry "SVK"]
[SourceTitle "playchess.com"]
[Source "ChessBase"]
[SourceQuality "1"]
[WhiteTeam "Zilina"]
[BlackTeam "Prakovce"]
[TimeControl "40/5400+30:1800+30"]

1. e4 {[%emt 0:01:53]} c5 {[%emt 0:00:00]} 2. Nf3 {[%emt 0:00:17]} d6 {[%emt 0:00:00]} 3. d4 {[%emt 0:00:41]} cxd4 {[%emt 0:00:06]} 4. Nxd4 {[%emt 0:00:08]} Nf6 {[%emt 0:00:37]} 5. Nc3 {[%emt 0:00:07]} a6 {[%emt 0:00:40]} 6. Bd3 {[%emt 0:00:06]} g6 {[%emt 0:00:37]} 7. f3 {[%emt 0:07:49]} Bg7 {[%emt 0:00:25]} 8. Be3 {[%emt 0:00:07]} Nc6 {[%emt 0:00:38]} 9. Qd2 {[%emt 0:01:59]} Ne5 {[%emt 0:20:26]} 10. O-O-O {[%emt 0:05:23]} O-O {[%emt 0:00:11]} 11. Kb1 {[%emt 0:07:31]} Bd7 {[%emt 0:04:56]} 12. h4 {[%emt 0:35:30]} 1/2-1/2

[Event "SVK Extraliga 2019-20"]
[Site "Slovakia"]
[Date "2019.10.19"]
[Round "1.5"]
[White "Piesik, Piotr"]
[Black "Pacher, Milan"]
[Result "1/2-1/2"]
[WhiteElo "2407"]
[BlackElo "2437"]
[Annotator "NA"]
[PlyCount "29"]
[EventDate "2019.10.19"]
[EventType "team-tourn"]
[EventCountry "SVK"]
[SourceTitle "playchess.com"]
[Source "ChessBase"]
[SourceQuality "1"]
[WhiteTeam "Dubnica"]
[BlackTeam "Slovan"]
[TimeControl "40/5400+30:1800+30"]

1. d4 {[%emt 0:00:00]} Nf6 {[%emt 0:00:00]} 2. c4 {[%emt 0:00:00]} e6 {[%emt 0:00:00]} 3. Nc3 {[%emt 0:00:00]} Bb4 {[%emt 0:00:00]} 4. e3 {[%emt 0:00:44]} O-O {[%emt 0:00:00]} 5. Bd2 {[%emt 0:02:46]} d5 {[%emt 0:00:32]} 6. Nf3 {[%emt 0:00:50]} b6 {[%emt 0:00:10]} 7. a3 {[%emt 0:06:42]} Bd6 {[%emt 0:03:55]} 8. Rc1 {[%emt 0:11:25]} a6 {[%emt 0:04:52]} 9. Bd3 {[%emt 0:02:23]} Bb7 {[%emt 0:00:46]} 10. O-O {[%emt 0:06:46]} Nbd7 {[%emt 0:00:06]} 11. b4 {[%emt 0:10:46]} dxc4 {[%emt 0:07:52]} 12. Bxc4 {[%emt 0:00:14]} e5 {[%emt 0:00:11]} 13. dxe5 {[%emt 0:07:47]} Nxe5 {[%emt 0:00:04]} 14. Nxe5 {[%emt 0:00:41]} Bxe5 {[%emt 0:00:03]} 15. Qe2 {[%emt 0:01:14]} 1/2-1/2

[Event "SVK Extraliga 2019-20"]
[Site "Slovakia"]
[Date "2019.10.19"]
[Round "1.5"]
[White "Czebe, Attila"]
[Black "Pcola, Pavol"]
[Result "1/2-1/2"]
[WhiteElo "2358"]
[BlackElo "2380"]
[Annotator "TA"]
[PlyCount "44"]
[EventDate "2019.10.19"]
[EventType "team-tourn"]
[EventCountry "SVK"]
[SourceTitle "playchess.com"]
[Source "ChessBase"]
[SourceQuality "1"]
[WhiteTeam "Streda"]
[BlackTeam "Humenne"]

{[%evp 18,44,-4,-4,-3,0,0,-1,0,-12,0,-6,0,-10,-15,-12,0,0,0,0,0,0,0,0,0,0,0,0,0]} 1. e4 e6 2. d3 d5 3. Nd2 c5 4. g3 Nc6 5. Bg2 Nge7 6. Ngf3 g6 7. O-O Bg7 8. exd5 exd5 9. d4 cxd4 10. Nb3 {[%cal Rf3d4] The position is equal.} Bg4 {A08: King's Indian Attack} (10... Qb6 11. Re1 O-O 12. Bf4 d3 13. c3 Bf5 14. Nh4 Be4 15. Be3 Qc7 16. f3 Nf5 17. Nxf5 Bxf5 18. g4 Be6 19. Qxd3 {1-0 (38) Ziska,H (2533)-Ulybin,M (2469) Riga 2019}) 11. h3 Bxf3 12. Qxf3 O-O 13. Bg5 h6 14. Bxe7 $146 ({Predecessor:} 14. Bf4 g5 15. Bd2 Qd6 16. Rad1 Rad8 17. h4 Qf6 18. hxg5 hxg5 19. Qh5 Bh6 20. f4 Qg6 21. Qxg6+ {½-½ (21) Eder,S-Bonstingl,G Austria 1993}) 14... Nxe7 15. Rad1 Rc8 16. Rd2 Rc7 17. Nxd4 Bxd4 18. Rxd4 Rxc2 19. Qb3 Qc7 20. Bxd5 Nxd5 21. Rxd5 Re8 22. Rfd1 Rc1 1/2-1/2

[Event "SVK Extraliga 2019-20"]
[Site "Slovakia"]
[Date "2019.10.19"]
[Round "1.5"]
[White "Vymazal, Bronislav"]
[Black "Dovzik, Juri"]
[Result "1/2-1/2"]
[WhiteElo "2347"]
[BlackElo "2276"]
[Annotator "NA"]
[PlyCount "82"]
[EventDate "2019.10.19"]
[EventType "team-tourn"]
[EventCountry "SVK"]
[SourceTitle "playchess.com"]
[Source "ChessBase"]
[SourceQuality "1"]
[WhiteTeam "Podhajska"]
[BlackTeam "Kosice"]
[TimeControl "40/5400+30:1800+30"]

1. e4 {[%emt 0:00:00]} c5 {[%emt 0:00:38]} 2. Nf3 {[%emt 0:00:00]} e6 {[%emt 0:00:23]} 3. d4 {[%emt 0:00:00]} cxd4 {[%emt 0:00:10]} 4. Nxd4 {[%emt 0:00:01]} Nc6 {[%emt 0:00:30]} 5. Nc3 {[%emt 0:01:14]} Qc7 {[%emt 0:00:38]} 6. Be3 {[%emt 0:05:30]} a6 {[%emt 0:03:38]} 7. Qd2 {[%emt 0:00:13]} Nf6 {[%emt 0:00:45]} 8. O-O-O {[%emt 0:00:38]} Bb4 {[%emt 0:00:47]} 9. f3 {[%emt 0:00:35]} Ne7 {[%emt 0:02:32]} 10. Nb3 {[%emt 0:24:00]} d5 {[%emt 0:18:30]} 11. e5 {[%emt 0:15:47]} Nd7 {[%emt 0:09:57]} 12. f4 {[%emt 0:01:37]} O-O {[%emt 0:16:51]} 13. Bd3 {[%emt 0:07:24]} b6 {[%emt 0:09:48]} 14. Qe1 {[%emt 0:13:06]} Bxc3 {[%emt 0:02:50]} 15. Qxc3 {[%emt 0:00:11]} Qxc3 {[%emt 0:00:10]} 16. bxc3 {[%emt 0:00:05]} Bb7 {[%emt 0:04:23]} 17. Rhf1 {[%emt 0:04:06]} Rfc8 {[%emt 0:04:12]} 18. Bd4 {[%emt 0:01:05]} Nc5 {[%emt 0:06:21]} 19. g4 {[%emt 0:04:37]} a5 {[%emt 0:05:40]} 20. Rf3 {[%emt 0:05:44]} a4 {[%emt 0:01:52]} 21. Nd2 {[%emt 0:00:07]} Nc6 {[%emt 0:02:13]} 22. Re1 {[%emt 0:10:25]} Nxd3+ {[%emt 0:06:03]} 23. Rxd3 {[%emt 0:00:05]} Ba6 {[%emt 0:00:15]} 24. Rf3 {[%emt 0:00:17]} Nxd4 {[%emt 0:00:15]} 25. cxd4 {[%emt 0:00:08]} Rc7 {[%emt 0:00:41]} 26. Kb2 {[%emt 0:01:06]} Rac8 {[%emt 0:00:20]} 27. c3 {[%emt 0:01:03]} a3+ {[%emt 0:01:48]} 28. Kb3 {[%emt 0:02:27]} Bc4+ {[%emt 0:00:19]} 29. Nxc4 {[%emt 0:00:51]} Rxc4 {[%emt 0:00:04]} 30. Rb1 {[%emt 0:01:27]} h6 {[%emt 0:01:02]} 31. Rd3 {[%emt 0:00:43]} b5 {[%emt 0:00:10]} 32. Kc2 {[%emt 0:00:43]} b4 {[%emt 0:00:13]} 33. Rb3 {[%emt 0:00:04]} Kf8 {[%emt 0:00:55]} 34. Kd2 {[%emt 0:00:18]} bxc3+ {[%emt 0:00:55]} 35. Rbxc3 {[%emt 0:00:07]} Ke7 {[%emt 0:01:02]} 36. h4 {[%emt 0:01:27]} g6 {[%emt 0:00:05]} 37. Rxc4 {[%emt 0:00:25]} Rxc4 {[%emt 0:00:08]} 38. Ke3 {[%emt 0:00:04]} Rc1 {[%emt 0:00:36]} 39. Rxa3 {[%emt 0:00:18]} Rh1 {[%emt 0:00:42]} 40. Ra7+ {[%emt 0:00:08]} Kf8 {[%emt 0:00:01]} 41. h5 {[%emt 0:12:25]} Rh3+ {[%emt 0:05:09] Ke4} 1/2-1/2